| 000 | 01600nam a2200433 i 4500 | ||
|---|---|---|---|
| 001 | 112650 | ||
| 003 | FlNmELB | ||
| 005 | 20241217174342.0 | ||
| 006 | m o d | | ||
| 007 | cr cnu|||||||| | ||
| 008 | 160402s1985 mx ob 000 0 spa d | ||
| 020 | _z9789638420190 | ||
| 020 | _a9781512925234 (e-book) | ||
| 035 | _a(MiAaPQ)EBC4423092 | ||
| 035 | _a(Au-PeEL)EBL4423092 | ||
| 035 | _a(CaPaEBR)ebr11162574 | ||
| 035 | _a(OCoLC)984774224 | ||
| 040 |
_aFINmELB _bspa _erda _cFINmELB |
||
| 050 | 4 |
_aHE333 _bL431 1985 |
|
| 080 | _a625 | ||
| 082 | 0 |
_a388.31 _223 |
|
| 100 | 1 | _aLazo Margáin, Leonardo. | |
| 245 | 1 | 0 |
_aGlosario de planificación vial / _cLeonardo Lazo Margáin. |
| 264 | 1 |
_aMéxico D.F. : _bEditorial Miguel Ángel Porrúa, _c[1985] |
|
| 300 | _a1 recurso en línea (142 páginas) | ||
| 336 |
_atexto _btxt _2rdacontent/spa |
||
| 337 |
_acomputadora _bc _2rdamedia/spa |
||
| 338 |
_arecurso en línea _bcr _2rdacarrier/spa |
||
| 504 | _aContiene bibliografía. | ||
| 588 | _aDescripción basada en recurso en línea; Título de la página del título en PDF (e-libro, visto April 02, 2016). | ||
| 590 | _aRecurso electronico. Santa Fe, Arg. : e-libro, 2016. Disponible via World Wide Web. El acceso puede ser limitado para las bibliotecas afiliadas a e-libro. | ||
| 650 | 0 |
_aTraffic engineering _vDictionaries. |
|
| 650 | 4 |
_aIngeniería vial _vDiccionarios. |
|
| 650 | 0 | _aLocal transit. | |
| 650 | 4 | _aTránsito local. | |
| 655 | 4 | _aLibros electrónicos. | |
| 797 | 2 | _ae-libro, Corp. | |
| 856 | 4 | 0 | _uhttps://elibro.net/ereader/politecnicointernacional/71850 |
| 999 |
_c112650 _d112650 |
||